Wszyscy zwyciężcy 1 Ligi - Statystyki

Ogólne statystyki
  • Ten quiz został rozwiązany 30 razy
  • Średni wynik to 54 z 114
Statystyki odpowiedzi
Rok Klub % Poprawnych
1960 Pn | 2001/02 Lech Poznań
84%
1973/74 Pn | 1975/76 Pn | 2015/16 | 2024/25 Arka Gdynia
79%
1978/79 W Górnik Zabrze
79%
1951 Pnz Budowlani (Lechia) Gdańsk
74%
1983/84 Z | 2007/08 | 2023/24 Lechia Gdańsk
74%
1958 Pn | 1962 B | 1980/81 Z | +2 others Pogoń Szczecin
74%
1987/88 Z | 2006/07 Ruch Chorzów
74%
1964/65 Wisła Kraków
74%
1977/78 Pd | 1981/82 Z GKS Katowice
68%
2017/18 | 2021/22 Miedź Legnica
68%
1952 Pnz OWKS (Zawisza) Bydgoszcz
63%
1992/93 W | 1995/96 W Polonia Warszawa
63%
1963/64 | 1994/95 Z | 1999/2000 Śląsk Wrocław
63%
1992/93 Z Warta Poznań
63%
1984/85 Z | 1988/89 Z | 2014/15 Zagłębie Lubin
63%
1976/77 Pn | 1978/79 Z | 2012/13 Zawisza Bydgoszcz
63%
1957 Pd | 1965/66 | 1981/82 W Cracovia
58%
1989/90 Hutnik Kraków
58%
2010/11 | 2022/23 ŁKS Łódź
58%
1979/80 W | 1982/83 W Motor Lublin
58%
1993/94 Z | 2018/19 Raków Częstochowa
58%
1974/75 Pn | 2005/06 | 2008/09 | 2009/10 Widzew Łódź
58%
1986/87 W Jagiellonia Białystok
53%
1996/97 W | 1998/99 W Petrochemia (Wisła) Płock
53%
1960 Pd | 1984/85 W | 1987/88 W | 2019/20 Stal Mielec
53%
1959 Pd Stal (Zagłębie) Sosnowiec
53%
1988/89 Z Zagłębie Sosnowiec
53%
1973/74 Pd GKS Tychy
47%
2011/12 Piast Gliwice
47%
1983/84 W | 2020/21 Radomiak Radom
47%
1993/94 W Stomil Olsztyn
47%
1952 Pdz | 1955 Budowlani (Odra) Opole
42%
2004/05 Korona Kielce
42%
1959 Pn | 1970/71 | 1975/76 Pd Odra Opole
42%
1950 W Ogniwo (Polonia) Bytom
42%
1956 | 1976/77 Pd | 1985/86 W Polonia Bytom
42%
2016/17 Sandecja Nowy Sącz
42%
1962 A | 1974/75 Pd Stal Rzeszów
42%
1962/63 | 1972/73 | 1986/87 Z Szombierki Bytom
37%
1949 Pn Garbarnia Kraków
32%
1994/95 W | 1997/98 W | 2013/14 GKS Bełchatów
32%
1951 Pnw | 1952 Pnw | 1961 | +4 others Gwardia Warszawa
32%
1952 Pdw Włókniarz (Garbarnia) Kraków
32%
1996/97 Z | 1998/99 Z Dyskobolia Grodzisk Wielkopolski
26%
1979/80 Z Bałtyk Gdynia
21%
1951 Pdz | 1982/83 Z Górnik Wałbrzych
21%
2000/01 RKS Radomsko
21%
1995/96 Z Odra Wodzisław Śląski
16%
1985/86 Z Olimpia Poznań
16%
1997/98 Z Ruch Radzionków
16%
1991/92 W Siarka Tarnobrzeg
16%
1990/91 Stal Stalowa Wola
16%
2002/03 Górnik Polkowice
11%
1949 Pd | 1958 Pd Górnik Radlin
11%
1953 Gwardia (Polonia) Bydgoszcz
11%
1951 Pdw OWKS (Wawel) Kraków
11%
1957 Pn Polonia Bydgoszcz
11%
1969/70 | 1971/72 ROW Rybnik
11%
1967/68 Zagłębie Wałbrzych
11%
1950 Z Gwardia Szczecin
0%
1954 Stal Sosnowiec
0%
Nie znaleziono quizów pasujących do podanych kryteriów
Rozkład punktacji
Procent ludzi z każdym wynikiem
Percentyl według liczby udzielonych odpowiedzi
Twoja historia wyników
Nie rozwiązałeś tego quizu